000 005860000a22001810004500
003 MACL
005 20160329130908.0
008 160329b xxu||||| |||| 00| 0 eng d
040 _aMACL
_cMACL
041 _aHindi
082 _a300
100 _aपृथ्‍वीकुमार अ्ग्रवाल
_948566
245 _aभारतीय संस्‍कृति की रूपरेखा
260 _bविश्‍वविघालय प्रकाशन
_c2000
_aवाराणसी
350 _a250
650 _aSociology
_948567
942 _cHIN
_k300
_2ddc
999 _c9517
_d9517